00934nam a22002537a 45000010005000000030006000050050017000110080041000280200018000690400029000870500013001160820011001291000038001402450047001782500037002252600035002623000022002975050007003195200216003265210019005425210018005616500049005796500052006284547FISKH20240916085315.0240916b cb ||||| |||| 00| 0 eng d a9780439916325 aFISKHbengcFISKHdFISKH aPZ7.M992 2813.54 aMyers, Dean Walterd(1937–2014) aThe cruisers checkmate /cWaler Dean Myers aFirst paperback printing in 2012 aNew York :bScholastic,c2011. a133 pages :c20cm aR  aFour middle-schoolers who publish an alternative newspaper at their Harlem academy for gifted students investigate why a classmate--one of the best chess players in New York City--was caught trying to buy drugs.8 a730L bLexile 8 aR bRaz-Plus  2Realistic fictionaSeriesvAfrican Americans 2Middle schoolaBlack boys to menvBoys of Color